LOKA PRASHAN PARICHAY (Record no. 2835)
[ view plain ]
| 000 -LEADER | |
|---|---|
| fixed length control field | 00442cam a2200181ua 4500 |
| 008 - FIXED-LENGTH DATA ELEMENTS--GENERAL INFORMATION | |
| fixed length control field | 131128n II |||gr||||Z||||||asm |
| 040 ## - CATALOGING SOURCE | |
| Original cataloging agency | MAIN |
| 041 ## - LANGUAGE CODE | |
| -- | English |
| 082 ## - DEWEY DECIMAL CLASSIFICATION NUMBER | |
| Classification number | 350 PAL |
| 100 ## - MAIN ENTRY--PERSONAL NAME | |
| Personal name | PAL,KRIPESH. |
| 245 ## - TITLE STATEMENT | |
| Title | LOKA PRASHAN PARICHAY |
| 260 ## - PUBLICATION, DISTRIBUTION, ETC. | |
| Place of publication, distribution, etc. | [s.l]: |
| Name of publisher, distributor, etc. | ARUN PRAKASHAN, |
| Date of publication, distribution, etc. | 2004. |
| 300 ## - PHYSICAL DESCRIPTION | |
| Extent | 548: |
| Dimensions | 22CM. |
| 700 ## - ADDED ENTRY--PERSONAL NAME | |
| Personal name | NAYAK, PRATUL CH. |
| 942 ## - ADDED ENTRY ELEMENTS (KOHA) | |
| Koha item type | Books |
| 653 ## - INDEX TERM--UNCONTROLLED | |
| Uncontrolled term | Public administration & military science |
| Withdrawn status | Lost status | Damaged status | Not for loan | Collection code | Home library | Current library | Shelving location | Date acquired | Total Checkouts | Full call number | Barcode | Date last seen | Date last checked out | Copy number | Price effective from | Koha item type | Public note |
|---|---|---|---|---|---|---|---|---|---|---|---|---|---|---|---|---|---|
| TBPSC | Central Library and Information Centre Sibsagar Girls College | Central Library and Information Centre Sibsagar Girls College | POLITICAL SC BOOK RACK | 28.08.2006 | 6 | 350 PAL | 21027 | 16.03.2024 | 29.02.2024 | 1 | 27.02.2020 | Books | V | ||||
| TBPSC | Central Library and Information Centre Sibsagar Girls College | Central Library and Information Centre Sibsagar Girls College | POLITICAL SC BOOK RACK | 28.08.2006 | 1 | 350 PAL | 21028 | 15.03.2024 | 29.02.2024 | 2 | 27.02.2020 | Books | V | ||||
| TBPSC | Central Library and Information Centre Sibsagar Girls College | Central Library and Information Centre Sibsagar Girls College | Political Science Rack | 28.08.2006 | 350 PAL | 21029 | 27.02.2020 | 3 | 27.02.2020 | Books |